| 000 | 01003nam a2200229Ia 4500 | ||
|---|---|---|---|
| 003 | IN-BaIIA | ||
| 008 | 211028s9999 xx 000 0 eng d | ||
| 020 | _a0-902553-29-1 | ||
| 040 | _cIIA Library | ||
| 080 |
_a524.572(063) _bLAB |
||
| 100 |
_aWolstencroft, R. D. _915842 |
||
| 111 |
_aWorkshop on Laboratory and Observational Infrared Spectra of Interstellar Dust _cHilo, Hawai _d1983 July 18-20 _915843 |
||
| 245 | 0 |
_aLaboratory and observational infrared spectra of interstellar dust _bproceedings of the workshop on Laboratory and observational infrared spectra of interstellar dust held in, Hilo, Hawai, 18-20 July 1983 _cWolstencroft, R. D |
|
| 260 |
_aHawaii _bRoyal Observatory _c1984 |
||
| 300 | _avi, 174p. | ||
| 490 | _aOccasional reports of the Royal Observatory; no. 12 | ||
| 650 | _aAstronomy and astrophysics thesaurus | ||
| 650 |
_aCosmic dust _93926 |
||
| 650 |
_aInfrared spectra _95635 |
||
| 650 |
_aInterstellar dust _95398 |
||
| 942 | _cBK | ||
| 999 |
_c9408 _d9408 |
||